书目信息 |
| 题名: |
美国景观设计的先驱
|
|
| 作者: | 伯恩鲍姆 编 | |
| 分册: | ||
| 出版信息: | 北京 中国建筑工业出版社 2002 |
|
| 页数: | 486页 | |
| 开本: | 30cm | |
| 丛书名: | ||
| 单 册: | ||
| 中图分类: | TU986.2 | |
| 科图分类: | ||
| 主题词: | 园林--规划 , 公园--绿化规划 | |
| 电子资源: | ||
| ISBN: | 7-112-05374-9 | |
| 000 | 00604nam0 2200205 45 | |
| 001 | 0460955481 | |
| 005 | 2004042516555548 | |
| 010 | @a7-112-05374-9@d86.00CNY | |
| 100 | @a20040425d2002 km y0chiy0120 ea | |
| 101 | 0 | @achi |
| 102 | @aCN@b110000 | |
| 200 | 1 | @a美国景观设计的先驱@Amei guo jing guan she ji de xian qu@f(美)伯恩鲍姆等编@F(Mei)Bo En Bao Mu Deng Bian |
| 210 | @a北京@c中国建筑工业出版社@d2002 | |
| 215 | @a486页@d30cm | |
| 606 | 0 | @a园林@x规划 |
| 606 | 0 | @a公园@x绿化规划 |
| 690 | @aTU986.2@v3 | |
| 701 | 0 | @a伯恩鲍姆@ABo En Bao Mu@4编 |
| 801 | 0 | @aCN@bPFT@c20040425 |
| 905 | @dTU986.2@eB910 | |
| 美国景观设计的先驱/(美)伯恩鲍姆等编.-北京:中国建筑工业出版社,2002 |
| 486页;30cm |
| ISBN 7-112-05374-9:86.00CNY |
| ● |
| 相关链接 |
|
|
|
正题名:美国景观设计的先驱
索取号:TU986.2/B910
 
预约/预借
| 序号 | 登录号 | 条形码 | 馆藏地/架位号 | 状态 | 备注 |
| 1 | 392569 | 203925690 | 建筑库201/201建筑库 67排4列1层/ [索取号:TU986.2/B910] | 在馆 |